<?xml version="1.0" encoding="UTF-8"?>
<record
    xmlns:xsi="http://www.w3.org/2001/XMLSchema-instance"
    xsi:schemaLocation="http://www.loc.gov/MARC21/slim http://www.loc.gov/standards/marcxml/schema/MARC21slim.xsd"
    xmlns="http://www.loc.gov/MARC21/slim">

  <leader>00449nam a22001457a 4500</leader>
  <datafield tag="020" ind1=" " ind2=" ">
    <subfield code="a">978-626-7336-30-4</subfield>
  </datafield>
  <datafield tag="050" ind1=" " ind2=" ">
    <subfield code="a">415.225</subfield>
  </datafield>
  <datafield tag="060" ind1=" " ind2=" ">
    <subfield code="a">415.225</subfield>
  </datafield>
  <datafield tag="082" ind1=" " ind2=" ">
    <subfield code="a">415.225</subfield>
  </datafield>
  <datafield tag="100" ind1=" " ind2=" ">
    <subfield code="a">&#x6D2A;&#x6771;&#x69AE;</subfield>
  </datafield>
  <datafield tag="245" ind1=" " ind2=" ">
    <subfield code="a">&#x7136;&#x5F8C;, &#x4F60;&#x5C31;&#x4E2D;&#x6BD2;&#x4E86;: </subfield>
    <subfield code="b">&#x4F86;&#x4E0D;&#x53CA;&#x5F8C;&#x6094;&#x7684;&#x6BD2;&#x7269;&#x771F;&#x76F8;, &#x8DDF;&#x8457;&#x91AB;&#x5E2B;&#x79D2;&#x61C2;&#x98DF;&#x54C1;&#x5B89;&#x5168;&#x3001;&#x85E5;&#x7269;&#x5371;&#x5BB3;&#x3001;&#x91CE;&#x5916;&#x50B7;&#x5BB3;&#x3001;&#x74B0;&#x5883;&#x5DE5;&#x707D;&#x7B49;&#x81F4;&#x547D;&#x6BD2;&#x5BB3;</subfield>
  </datafield>
  <datafield tag="250" ind1=" " ind2=" ">
    <subfield code="a">&#x521D;&#x7248;</subfield>
  </datafield>
  <datafield tag="260" ind1=" " ind2=" ">
    <subfield code="a">&#x81FA;&#x5317;&#x5E02;</subfield>
    <subfield code="b">&#x5275;&#x610F;&#x5E02;&#x96C6;</subfield>
    <subfield code="c">2024.01</subfield>
  </datafield>
  <datafield tag="942" ind1=" " ind2=" ">
    <subfield code="2">ccl</subfield>
    <subfield code="c">BOOK</subfield>
  </datafield>
  <datafield tag="999" ind1=" " ind2=" ">
    <subfield code="c">7532</subfield>
    <subfield code="d">7532</subfield>
  </datafield>
  <datafield tag="952" ind1=" " ind2=" ">
    <subfield code="0">0</subfield>
    <subfield code="1">0</subfield>
    <subfield code="2">ccl</subfield>
    <subfield code="4">0</subfield>
    <subfield code="7">0</subfield>
    <subfield code="a">yeezen</subfield>
    <subfield code="b">yeezen</subfield>
    <subfield code="c">YEEZEN</subfield>
    <subfield code="d">2024-03-05</subfield>
    <subfield code="l">3</subfield>
    <subfield code="m">3</subfield>
    <subfield code="o">415.225</subfield>
    <subfield code="p">C03112</subfield>
    <subfield code="r">2024-09-24 00:00:00</subfield>
    <subfield code="s">2024-09-11</subfield>
    <subfield code="w">2024-03-05</subfield>
    <subfield code="y">BOOK</subfield>
    <subfield code="z">&#x4F60;&#x77E5;&#x9053;&#x54EA;&#x4E9B;&#x98DF;&#x7269;&#x3001;&#x7528;&#x54C1;&#x542B;&#x6709;&#x6BD2;&#x6027;&#xFF1F;&#x4E2D;&#x6BD2;&#x4E4B;&#x5F8C;&#x53C8;&#x8A72;&#x5982;&#x4F55;&#x6B63;&#x78BA;&#x8655;&#x7F6E;&#xFF1F; &#x751F;&#x6D3B;&#x4E2D;&#x81F4;&#x6BD2;&#x7684;&#x539F;&#x56E0;&#x5F88;&#x591A;&#xFF0C; &#x5F9E;&#x5403;&#x4E0B;&#x7684;&#x98DF;&#x7269;&#x3001;&#x670D;&#x7528;&#x7684;&#x85E5;&#x7269;&#x5291;&#x91CF;&#x3001;&#x5438;&#x5165;&#x7684;&#x7A7A;&#x6C23;&#x3001;&#x63A5;&#x89F8;&#x7684;&#x7269;&#x54C1;&#x7B49;&#x7B49;&#xFF0C; &#x90FD;&#x6709;&#x53EF;&#x80FD;&#x56E0;&#x4E0D;&#x7576;&#x8F15;&#x5FFD;&#x6216;&#x904E;&#x91CF;&#x800C;&#x9001;&#x547D;&#x3002;</subfield>
  </datafield>
</record>
